Urodynamic eualuation of lowerurinary tract function in ralation to total abdominal hysterectomy / (رقم التسجيلة. 179695)

تفاصيل مارك
000 -LEADER
fixed length control field 01486namaa22003251i 4500
005 - أخر تعامل مع التسجيلة
control field 20260423112319.0
008 - FIXED-LENGTH DATA ELEMENTS--GENERAL INFORMATION
fixed length control field 260423s1995 ua a|||frm||| 000 0 eng d
040 ## - CATALOGING SOURCE
Original cataloguing agency EG-GICUC
Language of cataloging eng
Transcribing agency EG-GICUC
Modifying agency EG-GICUC
Description conventions rda
041 0# - LANGUAGE CODE
Language code of text/sound track or separate title eng
Language code of summary or abstract eng
-- ara
049 ## - Acquisition Source
Acquisition Source Deposit
097 ## - Degree
Degree M.Sc
099 ## - LOCAL FREE-TEXT CALL NUMBER (OCLC)
Local Call Number Cai01.11.15.M.Sc.1995.Em.U
100 0# - MAIN ENTRY--PERSONAL NAME
Authority record control number or standard number Eman Farouk Mosilhy,
Preparation preparation.
245 10 - TITLE STATEMENT
Title Urodynamic eualuation of lowerurinary tract function in ralation to total abdominal hysterectomy /
Statement of responsibility, etc. By Eman Farouk Mosilhy ; Supervisors Prof. Dr. Ahmed L. El-Daly, Prof. Dr. Kotb A. Ambaby, Dr. Hesham A. Badawi
246 15 - VARYING FORM OF TITLE
Title proper/short title تقييم الديناميكية البولية للجهاز البولي السلفي وعلاقتها بالاستئصال الكلي للرحم عن طريق البطن
264 #0 - PRODUCTION, PUBLICATION, DISTRIBUTION, MANUFACTURE, AND COPYRIGHT NOTICE
Date of production, publication, distribution, manufacture, or copyright notice 1995.
300 ## - PHYSICAL DESCRIPTION
Extent 127 Leaves
Other physical details illustrations
Dimensions 30 cm. +
336 ## - CONTENT TYPE
Source rda content
Content type term text
337 ## - MEDIA TYPE
Source rdamedia
Media type term Unmediated
338 ## - CARRIER TYPE
Source rdacarrier
Carrier type term volume
502 ## - DISSERTATION NOTE
Dissertation note Thesis (M.Sc.)-Cairo University, 1995
504 ## - BIBLIOGRAPHY, ETC. NOTE
Bibliography, etc. note Bibliography: pages 112-127
653 #0 - INDEX TERM--UNCONTROLLED
Uncontrolled term lowerurinary tract function
-- ralation to total abdominal hysterectomy
700 0# - ADDED ENTRY--PERSONAL NAME
Personal name Ahmed L. El-Daly
Relator term thesis advisor.
700 0# - ADDED ENTRY--PERSONAL NAME
Personal name Kotb A. Ambaby
Relator term thesis advisor.
700 0# - ADDED ENTRY--PERSONAL NAME
Personal name Hesham A. Badawi
Relator term thesis advisor.
900 ## - Thesis Information
Department Department of Gynecology
Faculties Faculty of Medicine
Universities Cairo University
Grant date 1995
Supervisory body Ahmed L. El-Daly
-- Kotb A. Ambaby
-- Hesham A. Badawi
905 ## - Cataloger and Reviser Names
Cataloger Name Nehad
942 ## - ADDED ENTRY ELEMENTS (KOHA)
Source of classification or shelving scheme Dewey Decimal Classification
Koha item type Thesis
Edition 21
Suppress in OPAC No
المقتنيات
Source of classification or shelving scheme Home library Current library Date acquired Inventory number Full call number Barcode Date last seen Effective from Koha item type
Dewey Decimal Classification المكتبة المركزبة الجديدة - جامعة القاهرة مكتبة المئوية 23.04.2026 26110 Cai01.11.15.M.Sc.1995.Em.U 01010110026110000 23.04.2026 23.04.2026 Thesis
Cairo University Libraries Portal Implemented & Customized by: Eng. M. Mohamady Contacts: new-lib@cl.cu.edu.eg | cnul@cl.cu.edu.eg
CUCL logo CNUL logo
© All rights reserved — Cairo University Libraries
CUCL logo
Implemented & Customized by: Eng. M. Mohamady Contact: new-lib@cl.cu.edu.eg © All rights reserved — New Central Library
CNUL logo
Implemented & Customized by: Eng. M. Mohamady Contact: cnul@cl.cu.edu.eg © All rights reserved — Cairo National University Library